000 00289cam a22001097a 4500
008 180718b1973 xxu||||| |||| 00| 0 eng d
082 _aPo3x42 Un3 73
245 _aEducation act1973
_cby Her Majesty's
260 _aLondon
_bHer Majesty's
_c1973
300 _a11p
700 _aU.K.Her Majesty's
999 _c414221
_d414221